Quizzes
Events
Quiz Creation
Community
Videos
Private Events
Remove Ads
Sign In
Join for FREE
Feedback
Dark Mode
Quiz Categories
Sports
Geography
Music
Movies
Television
Just For Fun
Miscellaneous
History
Literature
Language
Science
Gaming
Entertainment
Religion
Holiday
For Kids
Quiz Lab
Recent
Popular Today
Quiz Kudos Today
Editor Picks
Curator Picks
Quizzes by...
Day
Popularity
Type
Ratings
Length
Year
Community
Subscriptions
Recent Discussions
Orange Saloon
Badges
Playlists
Quests
Create
Leaderboards
Showdown
Live 5
Trivia Bingo
Activity
Puzzle Library
Sporcle Events
Private Events
Virtual Trivia
Globe League
Become a Host
Pub Owners
SporcleCon
Opinionation
Our Games
Videos
Blog
Mobile Apps
Partnerships
Remove Ads and Go Orange
Feedback
Sports
Athletes
MLB
NBA
NHL
NFL
Soccer
Sports Teams
WWE
NCAA
Football
Premier League
Basketball
Baseball
Hockey
Golf
Tennis
Cricket
Rugby
Auto Racing
Olympics
World Cup
Sports
Athletes
MLB
NBA
NHL
NFL
Soccer
Sports Teams
WWE
NCAA
Football
Premier League
Basketball
Baseball
Hockey
Golf
Tennis
Cricket
Rugby
Auto Racing
Olympics
World Cup
Random Quiz
Search Sporcle
×
Quiz Lab
Quiz Lab
Sports
Nintendo
Type in answers that appear in a list
Type in answers that appear in a list
Classic
Best Score? Go Orange.
SI March Madness Cover 2011 (Picture) Stats
Can you name the SI March Madness Cover?
By
ByeGPAHiSporcl
11m
71 Questions
134 Plays
134 Plays
134 Plays
Comments
Comments
Give Quiz Kudos
Give Quiz Kudos
-
- Ratings
hide this ad
More Info
Replay
Link that replays current quiz
Next Quiz
Link to next quiz in quiz playlist
You Got
0%
They Got
Avg Score
29%
Avg Friend Score
Upgrade to see
Score Distribution
Jump to the score distribution portion of the page
Score
0/71
Timer
11:00
0
Plays Today
Team
Player
% Correct
BYU-
Regional Cover
Jimmer Fredette
94.8%
UConn-
Regional Cover
Kemba Walker
88.8%
Florida
Erving Walker
84.3%
Duke-
Regional Cover
Nolan Smith
80.6%
UConn Women
Maya Moore
64.2%
Purdue
E'Twaun Moore
62.7%
Temple
Ramone Moore
62.7%
North Carolina
Harrison Barnes
59.7%
West Virginia
Kevin Jones
54.5%
Kentucky
Terrence Jones
54.5%
UAB
Aaron Johnson
52.2%
Arizona
Derrick Williams
52.2%
UCSB
Orlando Johnson
52.2%
Michigan St. Women
Lykendra Johnson
52.2%
Notre Dame
Ben Hansbrough
49.3%
Butler
Shelvin Mack
48.5%
Ohio State-
Regional Cover
David Lighty
47.8%
Kansas State
Jacob Pullen
47.8%
Washington
Isaiah Thomas
43.3%
Michigan
Darius Morris
43.3%
Kansas-
Regional Cover
Marcus Morris
43.3%
Duke Women
Jasmine Thomas
43.3%
Penn State
Talor Battle
38.8%
Memphis
Joe Jackson
37.3%
Syracuse
Rick Jackson
36.6%
Louisville
Peyton Siva
36.6%
Wisconsin
Jordan Taylor
34.3%
San Diego State
Kawhi Leonard
34.3%
Vanderbilt
Jeffery Taylor
34.3%
Georgetown
Austin Freeman
31.3%
Pittsburgh
Ashton Gibbs
31.3%
Baylor Women
Brittney Griner
30.6%
Villanova
Corey Fisher
29.9%
St. John's
Dwight Hardy
28.4%
Michigan State
Kalin Lucas
27.6%
Tennessee
Scotty Hopson
26.1%
Team
Player
% Correct
Xavier
Tu Holloway
26.1%
Morehead State
Kenneth Faried
23.9%
Texas
Jordan Hamilton
23.9%
Oakland
Reggie Hamilton
23.1%
Illinois
Mike Davis
22.4%
Princeton
Douglas Davis
22.4%
Gonzaga
Robert Sacre
21.6%
Xavier Women
Amber Harris
19.4%
Marquette
Darius Johnson-Odom
17.9%
UCLA
Reeves Nelson
14.9%
Missouri
Marcus Denmon
13.4%
Texas A&M
Khris Middleton
12.7%
VCU
Jamie Skeen
11.9%
UNC Ashville
Matt Dickey
11.9%
Clemson
Jerai Grant
10.4%
Cincinnati
Dion Dixon
8.2%
Wofford
Noah Dahlman
6.7%
UNLV
Tre'Von Willis
6%
Georgia
Trey Tompkins
4.5%
Northern Colorado
Devon Beitzel
3%
Belmont
Ian Clark
2.2%
Old Dominion
Kent Bazemore
2.2%
UTSA
Devin Gibson
2.2%
George Mason
Cam Long
2.2%
Bucknell
Nike Muscala
2.2%
UALR
Soloman Bozeman
2.2%
Long Island
Julian Boyd
1.5%
Akron
Mike Bardo
1.5%
Boston University
Patrick Hazel
1.5%
Stanford Women
Nnemkadi Ogwumike
1.5%
Richmond
Dan Geroit
0.7%
USC
Aaron Fuller
0.7%
Alabama State
Adrian Spellman
0.7%
Saint Peter's
Jeron Belin
0.7%
DePaul Women
Felicia Chester
0.7%
Quiz Playlist
Details
Report
Send in Message
Add To Playlist
More Info:
Only players, no coaches or mascots.
Classic:
Type in answers that appear in a list
Last Updated: Apr 6, 2018
Quiz Scoreboard
CHALLENGE
Sign Up to Join the Scoreboard
Show All
Scores
Hide
Comments
May contain spoilers
Recently Published
One Thing in Common: World Cities II
by knightlancer
Geography
7m
Popular People in 1961
by mucciniale
History
6m
1-10 Letter E Words III
by El_Dandy
Language
2m
More to Explore
Quiz From the Vault
Featured Blog Post
Where Did the Easter Bunny Come From?
hide this ad
You Might Also Like...
Tags
Nintendo Quiz
2011
Cover
Image Quiz
madness
March
Player
team
Today's Top Quizzes in Sports
Browse Sports
hide this ad
Today's Top Quizzes in Nintendo
Browse Nintendo
Top Contributed Quizzes in Sports
1
Les meilleurs buteurs des matchs entre le PSG et l’OM
2
Les entraîneurs de l'OM et du PSG au 21e siècle
3
FIFA Club World Cup Champions
4
2022 World Cup Stars
5
Name the Premier League winners with different clubs
6
La finale Lions - Afrique du Sud 2021
7
Criteria MLB: Left Handed Sluggers
8
Players with Multiple 50 Home Run Seasons
9
MLB Players with Two .350 Batting Average Seasons
10
MLB Hall of Famer by Rings
Explore More
Trending Topics
Kpop
Disney
NBA
Harry Potter
Marvel
Anime
Crossword
Country
NFL
Puzzle
Soccer
WWE
Pokémon
The Office
Song
hide this ad
More By:
ByeGPAHiSporcl
Quiz
Plays
Rating
Category
Featured
Created
MLB Interlocking Letter Logos
9,716
4.05
Sports
Nov 11, 2009
Top Colleges Represented in the NHL
6,768
4.31
Sports
Nov 10, 2009
NFL Helmets Without Stripe Down Middle
3,787
3.93
Sports
Dec 7, 2009
MLB Offseason: Players New Teams
2,265
3.89
Sports
Dec 28, 2009
MLB Offseason: Players New Teams
1,622
4.47
Sports
Dec 9, 2010
Go to Creator's Profile
Score Distribution
Quiz Creator Spotlight
ByeGPAHiSporcl
Follow
Send a Message
Quizzes Created
-
Created Quiz Play Count
-
More By This Creator
Popular Quizzes Today
1
Find the US States - No Outlines Minefield
2
Find the Countries of Europe - No Outlines Minefield
3
The Countries of the World
4
Popular People in 1961
5
1-10 Letter E Words III
6
Find the US States
7
One Thing in Common: World Cities II
8
US States
More Sports Quizzes
NCAA Profile: Georgetown
Published
Trending Quizzes
Risky Map Clicking: Least Populous States A-Z
1-10 Letter F Words
1-10 Letter G Words
One Thing in Common: United Kingdom
Risky Map Clicking: Biggest States A-Z
Recently Updated
Leaping Animals
pecheneg
Reality TV Shows (A-Z)
bhenderson79
Rickey Henderson's Hall of Fame Teammates
pecheneg
Champions League XIs: Arsenal
pecheneg
Quick Pick: Celebrities in WWE's Hall of Fame
aduchscher
A-Z Keypad Blitz II
pecheneg
Multiple Oscar Actors
pecheneg
Mystery Phrase Blitz: Oscar 'Best Actors'
pecheneg
F. Scott Fitzgerald Novels
LTH
Pick 3 Villains
ddd62291
Trending Topics
Marvel
Crossword
Disney
Anime
NBA
Kpop
Harry Potter
Pokémon
Puzzle
Song
NFL
The Office
Soccer
Country
WWE
Your Account Isn't Verified!
In order to create a playlist on Sporcle, you need to verify the email address you used during registration. Go to your
Sporcle Settings
to finish the process.
Report this User
Report this user for behavior that violates our
Community Guidelines
.
Details:
Send Report
Go to the Sporcle.com Mobile Site →
Comments